1643 1718 1335 1253 1591 1686 1651 1621 1579 1140 1286 1491 1705 1788 1815 1034 1594 1660 1417 1434 1398 1928 1640 1550 1329 1401 1097 1386 1248 1601 1854 1521 1388 1376 1092 1813 1932 1541 1288 1790 1781 1233 1081 1681 1794 1393 1917 1094 1095 1110 1281 1679 1663 1783 1310 1568 1762 1970 1420 1172 1932 1861 1481 1154 1425 1764 1187 1919 1663 1801 1273 1065 1170 1879 1685 1804 1618 1466 1619 1674 1885 1751 1882 1922 1370 1518 1091 1680 1618 1853 1609 1921 1320 1325 1005 1985 1437 1962 1404 BCNSPRNW ULIB Ver.6.0+V

เปลี่ยนเป็นภาษาไทย

Change to English
 แสดงรายละเอียดบรรณานุกรม
  กลับหน้าหลัก

Brief Record : Get Marc (ISO 2709) : E-mail record : QR code < ปิดหน้าต่าง
LEADER : 00000nam 2200000uu 4500
001    13399121897
003     ULIB
008    120731s2552||||th 000 0 tha d
020    ^a9786110600552
090    ^aนว.^bม750ต 2552
100 0  ^aเมเปิ้ลสีขาว
245 00 ^aต่างรักตรงใจ /^cเมเปิ้ลสีขาว
250    ^aพิมพ์ครั้งที่ 1
260    ^aกรุงเทพฯ :^bแจ่มใส,^c2552
300    ^a443 หน้า
500    ชุดพิเศษ ความรู้สึกดี...ที่เรียกว่ารัก
710 1  ^aแจ่มใส
945    ^p269^l0^i15939
995    ^aกัณชพร
999    ^aใช้งานได้ทุกระบบ
รายการนี้ยังไม่มีแท็ก
คุณยังไม่ได้ล็อกอิน คุณสามารถมีกิจกรรมร่วมกับเว็บไซต์ได้ แต่ต้องล็อกอินก่อน ::
  ล็อกอิน

รายการสื่อสารสนเทศ

ลำดับที่ ประเภท เลขเรียก/บาร์โค้ด สถานที่ สถานะ
1. นวนิยาย
นวนิยาย
นว. ม750ต 2552 ฉ.1 
  Barcode: 15939
ห้องสมุดวิทยาเขตสวรรค์ประชารักษ์
►นวนิยาย
บนชั้น
  ขอยืม

รายการใกล้เคียง
    ผู้แต่ง [เมเปิ้ลสีขาว]

BibComment


ยังไม่เคยถูกคอมเมนท์

คอมเมนท์ทรัพยากรรายการนี้
  คอมเมนท์: ต่างรักตรงใจ เม..


 Copyright 2026. Bcnsprnw @Library